Battle of Trafalgar Order of Battle - Statistics

General Stats
  • This quiz has been taken 9 times
  • The average score is 31 of 73
Answer Stats
Prefix Ship % Correct
HMS Victory
100%
HMS Africa
71%
HMS Dreadnought
71%
HMS Neptune
71%
Neptune
71%
Nuestra Señora de la Santísima Trinidad
71%
HMS Achille
57%
Achille
57%
HMS Agamemnon
57%
Aigle
57%
HMS Ajax
57%
Argonaute
57%
HMS Defiance
57%
HMS Leviathan
57%
HMS Mars
57%
HMS Orion
57%
HMS Sirius
57%
HMS Swiftsure
57%
Swiftsure
57%
HMS Téméraire
57%
HMS Thunderer
57%
HMS Tonnant
57%
Argonauta
43%
HMS Belleisle
43%
HMS Bellerophon
43%
Berwick
43%
Bucentaure
43%
HMS Colossus
43%
HMS Conqueror
43%
HMS Defence
43%
Duguay-Trouin
43%
HMS Euryalus
43%
Formidable
43%
Héros
43%
Indomptable
43%
Neptuno
43%
Pluton
43%
HMS Polyphemus
43%
HMS Prince
43%
Principe de Asturias
43%
Redoutable
43%
HMS Revenge
43%
Rhin
43%
HMS Royal Sovereign
43%
San Justo
43%
Santa Ana
43%
Scipion
43%
HMS Spartiate
43%
Thémis
43%
Algésiras
29%
HMS Britannia
29%
HMS Entreprenante
29%
Fougueux
29%
Hermione
29%
Hortense
29%
HMS Minotaur
29%
Monarca
29%
Montañés
29%
Mont Blanc
29%
HMS Phoebe
29%
HMS Pickle
29%
Rayo
29%
San Francisco de Asis
29%
San Ildefonso
29%
San Juan Nepomuceno
29%
San Leandro
29%
Bahama
14%
Furet
14%
San Agustin
14%
Argus
0%
Cornélie
0%
Intrépide
0%
HMS Naiad
0%
No matching quizzes found
Score Distribution
Percent of People with Each Score
Percentile by Number Answered
Your Score History
You have not taken this quiz